[Event "Ernesto Inarkiev vs Wei Yi Match 2018"]
[Site "Magas"]
[Date "2018.08.17"]
[Round "5"]
[White "Inarkiev, Ernesto"]
[Black "Wei, Yi"]
[Result "1/2-1/2"]
[WhiteElo "2690"]
[BlackElo "2735"]
[Annotator "TA"]
[PlyCount "95"]
[EventDate "2018.08.12"]
[EventType "match"]
[EventCountry "RUS"]
[SourceTitle "playchess.com"]
[Source "ChessBase"]
[SourceQuality "1"]

{[%evp 19,95,5,12,0,0,-14,0,0,0,0,0,0,0,-2,30,31,32,39,32,29,49,55,45,35,39,48,48,48,48,48,48,46,33,47,46,39,43,36,52,52,60,53,51,12,11,0,8,0,0,-8,0,0,0,0,0,0,0,0,0,0,0,0,0,0,0,0,8,8,8,8,8,0,0,0,0,0,0,-29980]} 1. d4 Nf6 2. Nf3 g6 3. Bf4 Bg7 4. e3 O-O 5. Be2 d6 6. h3 c5 7. O-O cxd4 8. exd4 Nc6 9. c3 Nd5 {A48: 1 d4 Nf6 2 Nf3 g6: Torre, London and Colle Systems} (9... Be6 10. Nbd2 Qb6 11. Qb1 Rac8 12. a4 Rfe8 13. Re1 Bd5 14. Nc4 Bxc4 15. Bxc4 Nxd4 16. Bxf7+ Kxf7 17. Nxd4 e5 18. Qa2+ {1-0 (36) Andreikin,D (2743)-Grischuk,A (2747) ICC INT 2016}) 10. Bh2 e5 {LiveBook: 15 Games} 11. Na3 {[%cal Bb1a3,Ba3c4,Bc4d6][%mdl 32]} exd4 12. Nc4 $146 {[%cal Rf3d4]} ({Predecessor:} 12. cxd4 Qf6 13. Nb5 Nf4 14. Bxf4 Qxf4 15. Re1 d5 16. Qc1 Qb8 17. Qc5 {½-½ (57) Samakas,A (1773)-Georgakopoulos,N (2350) Thessaloniki 2017}) 12... Nb6 13. Nxd6 {[%cal Rc3d4]} dxc3 14. bxc3 Bxc3 15. Rc1 Bb4 16. Bb5 {[%cal Be2b5,Bb5c6,Bc6d5][%mdl 32]} Qe7 17. Bxc6 Rd8 {[%cal Rb4d6]} 18. Nxc8 Raxc8 19. Bd5 $1 {[#] And now Rxc8 would win.} Bc3 20. Qb3 Nxd5 21. Rfd1 Rc5 22. Be5 Bxe5 23. Rxc5 Qxc5 24. Nxe5 Rd6 $1 25. Qxb7 Nc7 26. Rxd6 Qxd6 27. Qc8+ Kg7 28. Qh8+ Kxh8 29. Nxf7+ Kg7 30. Nxd6 $14 {[%mdl 4096] Endgame KN-KN} Kf6 31. Kf1 Ke5 {The position is equal.} 32. Nc8 a6 33. Ke2 Nd5 34. a3 Ke6 {With the idea ...Kd7.} 35. Kd3 Nf4+ 36. Ke4 Nxg2 37. Nb6 g5 38. Nd5 a5 39. a4 h6 40. Nb6 Nf4 41. h4 Nh3 42. hxg5 Nxf2+ (42... Nxg5+ {feels hotter.} 43. Kf4 Kf6 44. Nc4 Ne6+ 45. Kg4 Nc5) 43. Kf3 hxg5 44. Kxf2 Kd6 $1 45. Kf3 Kc5 46. Nd7+ Kb4 47. Nb6 Kc5 48. Ke4 $2 {[%mdl 40960] Precision: White = 70%, Black = 68%. . An unexpected result.} (48. Nc8 $11) 1/2-1/2

[Event "Ernesto Inarkiev vs Wei Yi Match 2018"]
[Site "Magas"]
[Date "2018.08.20"]
[Round "7"]
[White "Wei, Yi"]
[Black "Inarkiev, Ernesto"]
[Result "1-0"]
[WhiteElo "2735"]
[BlackElo "2690"]
[Annotator "TA"]
[PlyCount "89"]
[EventDate "2018.08.12"]
[EventType "match"]
[EventCountry "RUS"]
[SourceTitle "playchess.com"]
[Source "ChessBase"]
[SourceQuality "1"]

{[%evp 20,89,0,0,12,0,0,-20,0,0,0,0,0,0,28,22,100,93,98,95,115,143,168,47,128,2,9,-17,60,57,72,76,113,40,95,90,227,227,227,227,227,227,227,200,225,213,212,147,148,145,137,140,129,74,173,145,173,172,194,194,210,208,340,331,29987,29988,29989,29990,29990,29991,29991,29992]} 1. Nf3 d5 2. e3 c5 3. c4 d4 4. b4 dxe3 5. fxe3 cxb4 6. d4 Nf6 {A09: Réti Opening: 1 Nf3 d5 2 c4} 7. Bd3 g6 8. a3 bxa3 9. O-O Bg7 10. Nc3 O-O 11. Bxa3 {LiveBook: 3 Games} b6 $146 ({Predecessor:} 11... Nc6 12. h3 b6 13. Qe2 Bb7 14. Rac1 {1-0 (30) Mareco,S (2664)-Nakamura,H (2793) chess.com INT 2017}) 12. Kh1 Nc6 13. Rc1 Bg4 14. h3 Bxf3 15. Qxf3 Rc8 16. Nd5 Qd7 17. g4 Ne8 (17... Rfe8 $11 {remains equal.}) 18. Bc2 $16 Nd6 19. Ba4 Kh8 {[#]} 20. c5 $1 {[%cal Rc5d6]} bxc5 21. Rxc5 (21. dxc5 $18 Nb7 22. Rcd1) 21... f5 (21... Qb7 $1 $14) 22. Nf4 ({Only move:} 22. Rfc1 $16 {[%cal Ra4c6]} fxg4 23. Qxg4 Qxg4 24. hxg4) 22... Ne4 $11 23. Rxc6 Rxc6 (23... Nd2 $1 $11 24. Ra6 Qc7) 24. d5 $1 $36 {[%cal Rd5c6][%mdl 2048] Black is under pressure.} Nd2 25. Bxc6 Qc7 {[#]} 26. Ne6 (26. Qg3 $1 $16 {Black must now prevent Nxg6+!} Qa5 27. Qh4 (27. Bxe7 Nxf1 28. Qf2 Nd2 $16) (27. Qe1 Qxa3 28. Qxd2 fxg4 $18)) 26... Qa5 (26... Qb8 $14 27. Qf4 Nxf1) 27. Qf2 $16 Nxf1 (27... Ne4 $16 {was worth a try.} 28. Qe1 Qxa3) 28. Bb2 $18 ({Stronger than} 28. Qxf1 Qxa3 29. Nxf8 Bxf8 $15) ({Weaker is} 28. Bxe7 Rf7 $16) 28... Ng3+ 29. Qxg3 Bxb2 30. Nxf8 Qa1+ 31. Qg1 {aiming for Qxa1.} Qa3 32. Ne6 Qd3 {intending ...Qe4+.} 33. Nf4 Qe4+ 34. Qg2 {gxf5 is the strong threat.} Qb1+ 35. Kh2 {Strongly threatening gxf5.} Be5 36. g5 ({White should try} 36. d6 exd6 37. g5) 36... Qd1 (36... Qb4 $16) 37. Qg3 {Hoping for Nxg6+!} Kg8 38. Kg2 a5 39. Qf2 Qb1 40. Qd2 {Threatens to win with d6.} a4 (40... Qe4+ $142 41. Kf2 Kf7) 41. d6 Bxd6 $2 (41... exd6 $18 42. Qd5+ Kg7 43. Ne6+ Kh8 44. Bxa4 h6) 42. Qd5+ {White mates.} Kh8 43. Qd4+ e5 44. Qxd6 {[%cal Rd6f8]} Qc2+ 45. Kf3 {Precision: White = 55%, Black = 29%.} 1-0

[Event "Ernesto Inarkiev vs Wei Yi Match 2018"]
[Site "Magas"]
[Date "2018.08.20"]
[Round "8"]
[White "Inarkiev, Ernesto"]
[Black "Wei, Yi"]
[Result "1-0"]
[WhiteElo "2690"]
[BlackElo "2735"]
[Annotator "TA"]
[PlyCount "90"]
[EventDate "2018.08.12"]
[EventType "match"]
[EventCountry "RUS"]
[SourceTitle "playchess.com"]
[Source "ChessBase"]
[SourceQuality "1"]

{[%evp 19,90,10,18,22,23,20,12,0,0,0,0,0,10,18,20,0,7,7,14,0,50,31,31,40,248,255,420,407,429,290,499,485,483,472,471,287,244,283,295,302,293,293,260,71,168,160,532,279,453,452,534,534,527,534,534,527,528,534,534,534,518,254,242,0,437,398,383,370,370,336,464,480,519]} 1. d4 Nf6 2. Nf3 g6 3. Nbd2 d5 4. e3 Bg7 5. b4 O-O 6. c4 a5 {D02: Damenbauernspiele} (6... c6 7. a4 Bf5 8. Bb2 Ne4 9. Nxe4 Bxe4 10. Nd2 Bf5 11. Be2 Nd7 12. O-O e5 13. cxd5 cxd5 14. Nf3 {½-½ (37) Grachev,B (2628)-Rakhmanov,A (2662) Sochi 2016}) 7. b5 c5 8. Bb2 Nbd7 9. Be2 b6 10. O-O Bb7 {LiveBook: 3 Partien} 11. Rc1 Rc8 12. cxd5 $146 ({Vorgänger:} 12. a4 Re8 13. Nb3 {1-0 (47) Raja,R (2155)-Arnav,T (1998) Jalandhar 2017}) 12... Bxd5 13. Bc4 Bb7 14. Qe2 e6 15. Bb3 Qe7 16. Nc4 Nd5 17. e4 Nf4 18. Qe3 $1 {[%cal Re3f4]} Bh6 $1 19. Kh1 {g3 ist eine echte Drohung.} Nf6 {Droht stark ...Sg4.} (19... a4 $5 20. Bxa4 f5 $14) 20. Nfe5 $36 {[%mdl 2048] Schwarz steht unter Druck.} Nxe4 21. f3 Nd6 $2 (21... cxd4 $14 22. Qxd4 Qh4 23. fxe4 Ne2 24. Nxg6 Ng3+ 25. Kg1 Ne2+ 26. Kh1 Ng3+ 27. Kg1 Ne2+ 28. Kh1) 22. Ng4 $18 (22. Nxb6 $6 Rcd8) 22... Bg5 $2 (22... Bg7) 23. Nxd6 Qxd6 {[#]} 24. h4 $1 {[%mdl 512]} h5 $2 (24... c4) (24... Bxh4 25. dxc5) 25. dxc5 $1 (25. hxg5 hxg4 26. dxc5 Rxc5 $11) 25... Rxc5 26. Rxc5 (26. hxg5 hxg4 27. Rxc5 bxc5 $11) 26... bxc5 27. Be5 ({Nicht} 27. hxg5 hxg4 28. Rd1 (28. Qc3 f6 $11) 28... Nd5 $11) (27. Qc3 f6 $11) 27... Qd3 28. Rd1 Qxe3 29. Nxe3 Bh6 30. Rd7 Bc8 {[#]} 31. Rd6 $2 (31. Rc7 $1 $18 {ist der präzise Gewinnweg.}) 31... Bb7 (31... f6 $16 32. Bb2 Ne2) 32. b6 Ra8 $2 (32... a4 $16 {leistet mehr Widerstand.}) 33. Ba4 Ne2 $2 (33... Ba6 {war nötig.} 34. Bb5 Bxb5) 34. Bc6 Bxe3 35. Bxb7 Rf8 36. Ba6 Bf4 37. Bxf4 ({Lieber nicht} 37. Bxe2 Bxe5 38. Rc6 Rb8 $11) 37... Nxf4 {[%mdl 4096] Endspiel KTL-KTS} 38. b7 Nd5 {[#] beabsichtigt ...Kg7.} 39. a3 $1 Ne7 40. Rd7 (40. Rb6 $142) 40... Nd5 41. Rd6 $2 (41. g4) 41... Ne7 $1 42. Kg1 Rb8 43. Kf2 Kf8 44. Ke2 Ke8 45. Kd3 f5 {Precision: Weiß = 71%, Schwarz = 39%.} 1-0

[Event "Ernesto Inarkiev vs Wei Yi Match 2018"]
[Site "Magas"]
[Date "2018.08.20"]
[Round "9"]
[White "Wei, Yi"]
[Black "Inarkiev, Ernesto"]
[Result "1-0"]
[WhiteElo "2735"]
[BlackElo "2690"]
[Annotator "TA"]
[PlyCount "151"]
[EventDate "2018.08.12"]
[EventType "match"]
[EventCountry "RUS"]
[SourceTitle "playchess.com"]
[Source "ChessBase"]
[SourceQuality "1"]

{[%evp 13,151,39,42,36,65,52,64,66,75,81,75,48,74,25,44,45,33,12,0,-16,18,0,0,0,0,0,0,-12,0,0,0,0,0,0,50,34,70,59,160,164,155,166,428,417,411,414,406,410,455,454,455,438,452,445,474,475,527,533,554,555,557,467,554,554,588,552,543,548,537,523,521,0,525,0,512,509,514,497,480,418,567,566,585,577,610,511,536,0,576,576,660,452,383,351,369,370,348,346,330,235,245,232,597,372,458,364,443,443,29967,29971,29970,29971,29972,29973,29973,29974,29974,29974,29974,29976,29978,29977,29976,29978,29978,29978,29978,29978,29978,29979,29979,29980,29980,29981,29981,29982,29982,29983,29983,29984]} 1. Nf3 d5 2. e3 Nf6 3. c4 c6 4. Nc3 Bg4 5. Qb3 Qb6 6. Ne5 {A11: Reti-Eröffnung} e6 (6... Be6 7. d4 Nbd7 8. f4 g6 9. Bd2 Bg7 10. Qa3 dxc4 11. Nxc4 Qd8 12. Ne5 O-O 13. Be2 a5 {1-0 (44) Nepomniachtchi,I (2714)-Romanov,E (2625) Jerusalem 2015 CBM 166 [Roiz,M]}) 7. Nxg4 Nxg4 {LiveBook: 4 Partien} 8. Be2 {Weiß steht etwas besser.} Ne5 $146 {[#]} ({Vorgänger:} 8... Nf6 9. d4 Nbd7 10. O-O Be7 11. Qc2 O-O 12. b3 Rfc8 13. Bb2 c5 14. Na4 Qd8 15. dxc5 Nxc5 16. Nxc5 Rxc5 17. Bd4 Rc7 {½-½ (62) Garcia,R (2385)-Ginzburg,M (2450) Buenos Aires 1995}) 9. c5 $1 {[%mdl 512]} Qc7 (9... Qxc5 10. Qxb7) 10. d4 Ned7 11. e4 Be7 12. O-O {[%cal Re4d5]} O-O 13. Be3 b6 14. cxb6 axb6 15. Rac1 {[%cal Re4d5]} Qa7 16. a4 Na6 {[%cal Bb8a6,Ba6b4,Bb4d5,Bd5e3][%mdl 32]} 17. Qd1 dxe4 18. Nxe4 Nb4 19. b3 Rac8 20. Bf3 Nf6 21. Nxf6+ Bxf6 22. Rc4 Nd5 23. Qc2 Nxe3 24. fxe3 Bg5 25. Re1 b5 {[#]} ({Lieber} 25... c5 $14) 26. axb5 $1 $16 (26. Rxc6 $6 Rxc6 27. Qxc6 Qa5 $14) 26... Qa5 {[%cal Ra5e1]} 27. Kf2 $36 {[%mdl 2048] Schwarz muss aufpassen.} Qxb5 $2 (27... c5 28. b4 (28. Rxc5 Rxc5 29. dxc5 Qxb5 $16) (28. dxc5 Rfd8 $16) 28... Qxb5) 28. Rc5 $18 Bh4+ 29. g3 Qb8 30. Rh5 {[%csl Gh5][%cal Rc2h7]} ({Jedoch nicht} 30. gxh4 Qxh2+ 31. Kf1 Qh3+ 32. Ke2 Qh2+ 33. Kd1 Qg3 $18) 30... Bxg3+ 31. hxg3 {[%csl Gh5][%cal Rc2h7]} f5 32. Reh1 h6 33. Rc1 Rf6 34. Qc4 Kh8 35. b4 e5 36. dxe5 Qxe5 37. Qd4 Qe7 38. Qc5 Qd7 39. Rh4 Qd2+ 40. Be2 Re8 41. Qc3 Qd6 42. Qc5 Qd2 43. Qc3 Qd6 $1 44. Rd4 Qe7 45. Bf3 Re6 46. Rd3 Qg5 47. Qd4 Qg6 48. Rc5 Rf6 49. Qf4 Kh7 50. Qd4 $2 (50. Qc4 $18) 50... Re4 $2 {[%mdl 8192]} (50... Kh8 $1 $11 51. Qd7 Rb8) 51. Qc3 Rg4 52. Rxc6 Rxc6 53. Qxc6 {Droht Td6 und aus.} Rxb4 {beabsichtigt ...Tb2+.} 54. Qxg6+ Kxg6 {[%mdl 4096] Endspiel KTL-KT} 55. Rd6+ Kg5 56. Be2 Rb8 57. Bc4 Rf8 $2 (57... Rb7 58. Rd5 Kf6) 58. Re6 h5 59. Kf3 g6 60. Bb5 Rf6 (60... Rg8 $18 61. Be8 Rg7) 61. Rxf6 {Weiß setzt Matt.} Kxf6 {KL-K3B} 62. Be8 Kg5 63. Kg2 Kf6 64. Kf2 Kg7 65. Kf3 Kf6 66. Kf4 g5+ 67. Kf3 h4 68. gxh4 gxh4 {KL-KBB} 69. Kf4 h3 70. Bd7 h2 71. Bc6 Ke6 72. Bh1 Kf6 73. Kg3 Kg5 74. Kxh2 f4 75. e4 Kg4 76. Kg2 {Precision: Weiß = 66%, Schwarz = 43%.} 1-0

[Event "Ernesto Inarkiev vs Wei Yi Match 2018"]
[Site "Magas"]
[Date "2018.08.20"]
[Round "10"]
[White "Inarkiev, Ernesto"]
[Black "Wei, Yi"]
[Result "1/2-1/2"]
[WhiteElo "2690"]
[BlackElo "2735"]
[Annotator "TA"]
[PlyCount "197"]
[EventDate "2018.08.12"]
[EventType "match"]
[EventCountry "RUS"]
[SourceTitle "playchess.com"]
[Source "ChessBase"]
[SourceQuality "1"]

{[%evp 16,197,33,40,35,32,50,33,53,54,43,34,35,24,49,48,31,-8,-2,-16,-13,-20,-16,-59,-62,-68,-13,-16,-7,-10,0,-2,0,-16,-1,-23,0,-35,-1,-3,0,0,0,0,0,0,0,0,0,0,0,0,0,0,0,0,0,0,0,0,0,0,0,0,0,0,0,0,0,0,0,0,0,0,0,0,0,0,0,0,0,-6,-14,-268,0,0,0,0,0,-368,0,-7,0,-1658,-1530,-922,-445,-1295,-1143,-12833,-12833,-12833,-12834,-12835,-12834,-12835,-12835,-12838,-12839,-12842,-12842,-12843,-12843,-12844,-12844,-12845,-12845,-12845,-12845,-12845,0,0,0,0,0,0,0,0,0,0,0,0,0,0,0,0,0,0,0,0,0,0,0,0,0,0,0,0,0,0,0,0,0,0,0,0,0,0,0,0,0,0,0,0,0,0,0,0,0,0,0,0,0,0,0,0,0,0,0,0,0,0,0,0]} 1. d4 Nf6 2. Nf3 g6 3. Nbd2 d5 4. e3 Bg7 5. b4 a5 (5... O-O 6. Bb2 Bf5 7. Be2 Nbd7 8. O-O c6 9. a4 Ne4 10. c4 Re8 11. cxd5 cxd5 12. Nxe4 Bxe4 13. Qb3 {1-0 (32) So,W (2808)-Vachier Lagrave,M (2796) chess.com INT 2017}) 6. b5 {D02: 1 d4 d5 2 Nf3 sidelines, including 2...Nf6 3 g3 and 2...Nf6 3 Bf4} c5 7. bxc6 bxc6 8. Ba3 O-O 9. Be2 {LiveBook: 7 Games} Nbd7 10. O-O Ba6 $146 ({Predecessor:} 10... Re8 11. c4 e5 12. dxe5 Nxe5 13. Nxe5 Rxe5 {1-0 (41) Sanal,V (2510)-Uzunoglu,E (2114) Cesme 2018}) 11. Rb1 Re8 12. Bxa6 Rxa6 13. Qe2 Rb6 14. c4 e6 15. Bd6 Bf8 16. Bg3 (16. Bxf8 {looks sharper.} Rxf8 17. c5 Rb4 18. a3 Rxb1 19. Rxb1 Qa8 20. Qd3) 16... c5 17. Rxb6 Qxb6 18. Rb1 Qa6 19. Ne5 cxd4 20. exd4 dxc4 ({Better is} 20... Rc8 $15) 21. Qxc4 $11 Qxc4 22. Ndxc4 Nxe5 23. dxe5 Nd5 24. h4 Nc3 25. Rb7 Rc8 26. Nb6 Ne2+ 27. Kh2 Rc3 28. Nd7 Nxg3 29. fxg3 {[%mdl 4096] Endgame KRB-KRN} Kg7 30. Rb8 Be7 31. Re8 $1 {[%cal Re8e7]} Bc5 {Hoping for ...Bf2.} 32. Nf6 $1 Bf8 $1 33. g4 h6 34. g5 hxg5 35. hxg5 Ra3 36. Nd7 Bb4 37. Nf6 {[%csl Gf6][%cal Re8g8]} Bf8 38. Rc8 Rxa2 39. Ne8+ Kg8 40. Nf6+ Kg7 41. Rc4 {Intending Rh4 and mate.} Be7 $1 42. Ne8+ Kg8 43. Nf6+ Kg7 44. Rh4 Bxf6 $1 45. exf6+ {KR-KR} Kg8 46. Rc4 {aiming for Rc8+.} Rd2 47. Kg3 Rd8 48. Ra4 Rd5 49. Kh4 $2 {[%mdl 8192]} (49. Kf4 $11 {and White has nothing to worry.}) 49... e5 $2 (49... Kf8 $19 {Threatens to win with ...Ke8.} 50. Rc4 Rd8) 50. g4 Kf8 51. Rc4 $1 {[%cal Rc4c8] White threatens Rc8+ and mate.} Rd8 52. Ra4 $2 {[%mdl 8192]} (52. Re4 $11 {and White is okay.}) 52... Rd5 $2 ({Black should try} 52... Ra8 $1 $19 {...Ke8 is the strong threat.} 53. Kg3 Ke8) 53. Rc4 $1 {[%cal Rc4c8] Rc8+ would kill now.} Ke8 54. Rc6 $2 {[%mdl 8192]} (54. Rc8+ $11 Rd8 55. Rc5) 54... e4 $1 $19 55. Kg3 e3 {Strongly threatening ...Re5.} 56. Kf3 (56. Rc2 $142 Re5 57. Re2) 56... Rxg5 57. Rc7 {[#]} Re5 $1 58. Ke2 {[#]} Re4 $1 59. g5 Re5 60. Ra7 Rxg5 61. Kxe3 Rf5 62. Ra6 {[#]} a4 $1 63. Ke4 {[#]} (63. Rxa4 Rxf6) 63... a3 $1 64. Ra8+ (64. Rxa3 Rxf6) 64... Kd7 65. Ra7+ Kd6 66. Rxf7 Ra5 {( -> ...a2)} 67. Rb7 Re5+ $2 (67... a2 $19 68. f7 Ra8 69. f8=Q+ Rxf8) 68. Kd3 $11 {The position is equal.} Rf5 69. f7 Ke6 70. Ke4 a2 (70... Rf6 {is more complex.} 71. Ra7 Rxf7) 71. Ra7 Rf1 72. Rxa2 Kxf7 73. Ke3 Kg7 74. Rg2 Kh6 75. Ke2 Rf4 76. Rh2+ Kg5 77. Rg2+ Kf5 78. Rg3 Rg4 79. Rf3+ (79. Ra3 {feels hotter.} Kg5 80. Ra5+ Kh4 81. Kf2 g5 82. Ra3) 79... Kg5 80. Rf1 Re4+ 81. Kd3 Rf4 (81... Re8 {with more complications.} 82. Kd4 Re6 83. Rc1 Kf6 84. Rf1+ Ke7) 82. Rg1+ Kh5 83. Rh1+ Rh4 84. Rf1 Kg4 85. Rg1+ Kf5 86. Ke3 Re4+ 87. Kf3 Rf4+ 88. Ke2 Rg4 89. Rf1+ Kg5 90. Ke3 Ra4 91. Rg1+ Kh5 92. Kf3 g5 {[%cal Bg6g5,Bg5g4][%mdl 32]} 93. Rh1+ Kg6 94. Rb1 g4+ 95. Kg3 Rc4 96. Rb5 Kf7 97. Ra5 Ke6 98. Rg5 Kf6 99. Rxg4 {Precision: White = 66%, Black = 57%.} 1/2-1/2

[Event "Ernesto Inarkiev vs Wei Yi Match 2018"]
[Site "Magas"]
[Date "2018.08.21"]
[Round "11"]
[White "Wei, Yi"]
[Black "Inarkiev, Ernesto"]
[Result "1-0"]
[WhiteElo "2735"]
[BlackElo "2690"]
[Annotator "TA"]
[PlyCount "89"]
[EventDate "2018.08.12"]
[EventType "match"]
[EventCountry "RUS"]
[SourceTitle "playchess.com"]
[Source "ChessBase"]
[SourceQuality "1"]

{[%evp 11,89,8,16,4,17,9,23,18,21,20,53,27,36,25,43,22,56,22,86,83,111,96,118,116,117,106,130,130,113,120,118,133,140,130,254,248,251,237,229,179,188,141,141,141,189,183,179,175,172,168,268,265,301,286,352,326,399,399,399,406,569,588,583,581,541,527,543,542,603,285,1509,1882,1861,1689,1501,1404,12841,12841,29991,29992]} 1. Nf3 d5 2. e3 Nf6 3. c4 e6 4. Nc3 Bd6 (4... Be7 5. b3 O-O 6. Bb2 b6 7. cxd5 Nxd5 8. Nxd5 exd5 9. Qc2 c5 10. a3 Nc6 11. Bb5 Bb7 12. O-O Rc8 13. Rac1 a6 14. Be2 d4 {½-½ (36) Carlsen,M (2843)-Karjakin,S (2782) Stavanger 2018}) 5. b3 O-O 6. Bb2 {A17: English Opening: 1...Nf6 with ...Bb4} b6 {LiveBook: 11 Games} 7. g3 Bb7 8. Bg2 {The position is equal.} dxc4 $146 ({Predecessor:} 8... Nbd7 9. O-O c5 10. cxd5 Nxd5 11. Nxd5 Bxd5 12. d4 Rc8 {½-½ (70) Sonis,F (2448)-Zhigalko,S (2610) Porticcio 2018}) 9. bxc4 e5 10. O-O Nbd7 11. Qc2 Re8 12. d4 Qe7 13. Rfe1 Rab8 14. e4 exd4 (14... c6 $1 $11) 15. Nxd4 $16 Qf8 16. Nd5 c6 17. Nxf6+ Nxf6 18. Nf5 Be5 19. Bxe5 Rxe5 20. f4 Qc5+ 21. Kh1 Re6 22. e5 $36 {[%mdl 2048] White is really pushing.} Nd7 (22... Ng4 $16 {might work better.}) 23. Rad1 $18 Nf8 24. Nd6 Re7 25. Qb2 Ba6 26. Rc1 {Hoping for Ne4.} Rd8 27. Qc3 Bc8 {[#]} 28. Rcd1 $1 {Strongly threatening Ne4.} Red7 29. Ne4 {Black must now prevent Rxd7.} Rxd1 30. Nxc5 {And now e6 would win.} bxc5 (30... Rxe1+ $142 31. Qxe1 Bg4) 31. Bxc6 R8d3 32. Qa5 Bh3 {[#] ...Ra3 is the strong threat.} 33. Kg1 R1d2 34. Be4 Rd4 35. Qxc5 Ne6 (35... g6 $142 36. a4 Be6 37. Qxa7 Rxc4) 36. Qe7 g6 37. Qh4 Bf5 38. Bxf5 gxf5 39. Rb1 Rd8 40. g4 (40. Qf6 $142) 40... Nxf4 $2 (40... Rd1+ 41. Rxd1 Rxd1+ 42. Kg2 Rd2+ 43. Kf3 Rd3+ 44. Ke2 (44. Kf2 Rd4 $18) 44... Nxf4+ 45. Kf1 Rf3+ 46. Kg1 Ne6 47. gxf5 Rxf5) 41. Qg5+ Ng6 42. gxf5 {[%cal Bg4f5,Bf5f6][%mdl 32]} h6 43. Qe3 R2d3 44. Qxh6 {White wants to mate with f6.} Nxe5 45. f6 {Precision: White = 75%, Black = 34%.} 1-0

[Event "Ernesto Inarkiev vs Wei Yi Match 2018"]
[Site "Magas"]
[Date "2018.08.21"]
[Round "12"]
[White "Inarkiev, Ernesto"]
[Black "Wei, Yi"]
[Result "1-0"]
[WhiteElo "2690"]
[BlackElo "2735"]
[Annotator "TA"]
[PlyCount "49"]
[EventDate "2018.08.12"]
[EventType "match"]
[EventCountry "RUS"]
[SourceTitle "playchess.com"]
[Source "ChessBase"]
[SourceQuality "1"]

{[%evp 18,49,35,33,42,57,39,6,0,0,0,0,0,0,11,0,0,0,0,0,0,-22,0,0,0,-10,0,-26,-8,-16,5,7,483,465]} 1. d4 Nf6 2. Nf3 g6 3. Bf4 Bg7 4. e3 {[%cal Be2e3,Be3d4][%mdl 32]} O-O 5. Be2 d6 6. O-O c5 7. c3 {A48: 1 d4 Nf6 2 Nf3 g6: Torre, London and Colle Systems} cxd4 (7... b6 8. h3 Bb7 9. Nbd2 Nbd7 10. a4 a6 11. Bh2 Ne4 12. Nxe4 Bxe4 13. Bd3 Bxd3 14. Qxd3 Qc7 15. Rfd1 Rfc8 16. Qe2 Qb7 17. e4 cxd4 18. cxd4 Rc7 19. e5 {1-0 (61) Vachier Lagrave,M (2779)-Grischuk,A (2766) Saint Louis 2018}) 8. exd4 Nc6 9. Nbd2 {[%cal Bb1d2,Bd2c4,Bc4d6][%mdl 32]} Nd5 10. Bg3 {LiveBook: 3 Games} e5 {[%cal Re5d4]} 11. Nc4 {[%cal Rd4e5]} Re8 12. Qb3 $146 {aiming for dxe5.} ({Predecessor:} 12. a4 Nf4 13. Bxf4 exf4 14. Re1 {½-½ (37) Palchun,G (2441)-Iljiushenok,I (2519) Sochi 2017}) 12... exd4 13. Nxd6 Rxe2 14. Qxd5 Be6 ({Not} 14... dxc3 $2 15. Qxf7+ Kh8 16. Qc4 $18) 15. Qb5 Rc2 16. Ng5 Qb6 17. Qd3 Qxb2 18. Nxe6 fxe6 ({Don't go for} 18... Rxc3 $2 19. Qe4 $18) 19. c4 {next Rab1 is good for White.} Re2 20. Rae1 Rxe1 21. Rxe1 Rf8 22. h4 Ne5 23. Qb3 $1 {[%cal Rb3b2]} Qd2 24. f3 Nd3 $2 {[%mdl 8192] [#]} (24... Qc3 $11 {and Black stays safe.}) 25. Ne4 {Precision: White = 64%, Black = 36%.} 1-0